[Event "Mittelfranken-chTB2b 1920"]
[Site "Mittelfranken"]
[Date "2019.10.13"]
[Round "1.5"]
[White "Borisov, Ivaylo"]
[Black "Schoemig, Anton"]
[Result "1-0"]
[WhiteElo "1660"]
[BlackElo "1714"]
[PlyCount "43"]
[EventDate "2019.10.13"]
[EventType "team-tourn"]
[EventRounds "9"]
[EventCountry "GER"]
[SourceTitle "EXT 2023"]
[Source "ChessBase"]
[SourceDate "2022.10.05"]
[SourceVersion "1"]
[SourceVersionDate "2022.10.05"]
[SourceQuality "1"]
[WhiteTeam "Forchheim II"]
[BlackTeam "Schwanstetten"]
[WhiteTeamCountry "GER"]
[BlackTeamCountry "GER"]

1. e4 Nf6 2. d3 e5 3. Bg5 Be7 4. Nf3 d6 5. Nc3 c6 6. h3 0-0 7. Be2 Ne8 8. Bxe7 Qxe7 9. Qd2 h6 10. g4 b5 11. a3 Bb7 12. g5 h5 13. Nh4 g6 14. Nf5 gxf5 15. exf5 h4 16. Rg1 Kh8 17. g6 f6 18. Qh6+ Kg8 19. g7 Nxg7 20. Bh5 Rf7 21. Bg6 Qe8 22. Ne4 1-0